Oxford English for careers Nursing 2 / student's book

Gardado en:
Detalles Bibliográficos
Autor Principal: Grice, Tony
Formato: Không biết
Idioma:English
Publicado: Oxford University Press, 2008.
Những chủ đề:
Các nhãn: Engadir etiqueta
Sen Etiquetas, Sexa o primeiro en etiquetar este rexistro!
Thư viện lưu trữ: Mạng thư viện Đại học Đà Nẵng
LEADER 01002ca a2200289 4500
001 000031508
003 6272
005 20250922150536.0
008 151001s2008 000 eng
020 |a 9780194569880 
041 |a eng 
082 |a 420.61  |b GR-T 
100 |a Grice, Tony 
245 0 |a Oxford English for careers Nursing 2 /  |c Tony Grice, James Greenan  |n student's book 
260 |a Oxford University Press,  |c 2008. 
300 |a 135p. : ill ; 25cm. 
650 |a Oxford English for careers Nursing 
653 |a Nursing  |a English for careers 
OWN |a LNN 
AVA |a UDN50  |b LNN  |c English  |d 420.61 GR-T  |e available  |t Error 5001 Not defined in file expand_doc_bib_avail.  |f 2  |g 0  |h N  |i 0  |j AN 
999 |a From the UDN01 
AVA |a UDN50  |b LNN  |c English  |d 420.61 GR-T  |e available  |t Error 5001 Not defined in file expand_doc_bib_avail.  |f 2  |g 0  |h N  |i 0  |j AN 
TYP |a Printed language 
980 |a Mạng thư viện Đại học Đà Nẵng